| Tag |
First Indicator |
Second Indicator |
Subfields |
| LEADER |
00000pam a2200000 i 4500 |
| 001 |
in00004464652 |
| 005 |
20210915152450.0 |
| 008 |
800131s1980 maua b 00110 eng d |
| 010 |
|
|
|a 80011189
|
| 020 |
|
|
|a 0674317300
|
| 035 |
|
|
|a (OCoLC)05989171
|
| 040 |
|
|
|a NLM
|c NLM
|d m.c.
|d OCL
|d TMV
|d UtOrBLW
|
| 049 |
|
|
|a TMVM
|c [8001538]
|
| 060 |
|
4 |
|a WG 550
|b D32f 1980
|
| 069 |
0 |
|
|a 8001411
|
| 100 |
1 |
|
|a Dawber, Thomas Royle,
|d 1913-
|
| 245 |
1 |
4 |
|a The Framingham study :
|b the epidemiology of atherosclerotic disease /
|c Thomas Royle Dawber.
|
| 264 |
|
1 |
|a Cambridge :
|b Harvard Univ. Press,
|c 1980.
|
| 300 |
|
|
|a viii, 257 pages :
|b illustrations ;
|c 25 cm.
|
| 336 |
|
|
|a text
|2 rdacontent
|b txt
|
| 337 |
|
|
|a unmediated
|2 rdamedia
|
| 338 |
|
|
|a volume
|2 rdacarrier
|b nc
|
| 504 |
|
|
|a Includes bibliographical references and index.
|
| 650 |
|
2 |
|a Arteriosclerosis
|x epidemiology.
|
| 651 |
|
2 |
|a Massachusetts.
|
| 999 |
|
|
|a MARS
|
| 999 |
f |
f |
|s 45e1eced-6ba6-305e-bcda-e73185d7a5ed
|i 981204d4-440f-3a4e-a998-65aabf9a57fe
|t 0
|
| 952 |
f |
f |
|p ric
|a Texas A&M University
|b Rellis Campus
|c Joint Library Facility
|d Remote Storage
|t 0
|e WG 550 D269f 1980
|h National Library of Medicine classification
|i unmediated -- volume
|m 3238900048688
|
| 998 |
f |
f |
|a WG 550 D269f 1980
|t 0
|l Remote Storage
|